000 00655nam a2200181Ia 4500
008 090124s9999 xx 000 0 und d
082 _b32091
_a885
100 _aगोडबोले अरुण
245 _a पाचूचे मॉरिशस - सोन्याची दुबई
250 _a1
260 _c2003
300 _a108
600 _aगोडबोले अरुण
630 _a पाचूचे मॉरिशस - सोन्याची दुबई
700 _aगोडबोले अरुण
730 _a पाचूचे मॉरिशस - सोन्याची दुबई
942 _cBOOK
999 _c145570
_d145570